| 000 | 01125cam a22003011 4500 | ||
|---|---|---|---|
| 001 | e 20000439 | ||
| 003 | DLC | ||
| 005 | 20260227111211.0 | ||
| 007 | cr_||||||||||| | ||
| 007 | cr_||||||||||| | ||
| 008 | 781219s1919 nyuabf s001 0 eng | ||
| 010 | _ae 20000439 | ||
| 035 | _a(OCoLC)4475431 | ||
| 040 |
_aDLC _cNAlU _dDLC |
||
| 042 | _apremarc | ||
| 050 | 0 | 0 |
_aLA339.B5 _bA5 |
| 110 | 2 | _aUniversity of the State of New York. | |
| 245 | 0 | 2 |
_aA report of the survey of the Binghamton school system, _cby the State department of education. |
| 260 |
_aAlbany, _bThe University of the state of New York, _c1919. |
||
| 300 |
_a209 p. _bfront., plates, fold. map, tables, diagrs. _c23 cm. |
||
| 530 | _aAlso available in digital form on the Internet Archive Web site. | ||
| 530 | _aAlso available in digital form on the Internet Archive Web site. | ||
| 650 | 0 |
_aEducation _zNew York (State) _zBinghamton. |
|
| 650 | 0 |
_aSchools _zNew York (State) _zBinghamton. |
|
| 650 | 0 | _aEducational surveys. | |
| 856 | 4 | 1 | _uhttp://hdl.loc.gov/loc.gdc/scd0001.00221154691 |
| 856 | 4 | 1 | _uhttp://hdl.loc.gov/loc.gdc/scd0001.00221154691 |
| 999 |
_c20380 _d20380 |
||